| 000 | 01046cam a22003135a 4500 | ||
|---|---|---|---|
| 001 | 14434294 | ||
| 005 | 20150524112406.0 | ||
| 008 | 060630s2006 ctuad frbd 001 0 eng d | ||
| 020 | _a0313336881 | ||
| 020 | _a9780313336881 | ||
| 040 |
_aDLC _beng _cDLC _dBAKER _dC#P _dBTCTA _dYDXCP _dDLC _dEG-ScBUE |
||
| 043 | _an-us--- | ||
| 082 | 0 | 4 |
_a339.220973 _bREY _222 |
| 100 | 1 |
_aReynolds, Alan. _938065 |
|
| 245 | 1 | 0 |
_aIncome and wealth / _cAlan Reynolds. |
| 260 |
_aWestport : _bGreenwood Press / Greenwood Publishing Group, _c2006. |
||
| 300 |
_axi, 231 p. : _bill., chart ; _c24 cm. |
||
| 490 | 0 |
_aGreenwood guides to business and economics, _x1559-2367 |
|
| 500 | _aIndex : p. 225-231. | ||
| 500 | _aGlossary : p. 207-217. | ||
| 504 | _aIncludes bibliographical references. | ||
| 650 | 0 |
_aIncome _zUnited States. _2BUEsh |
|
| 650 | 0 |
_aWealth _zUnited States. _2BUEsh |
|
| 650 | 0 |
_aIncome distribution _zUnited States. _2BUEsh |
|
| 651 | _2BUEsh | ||
| 653 |
_bBUSECO _cMay2015 |
||
| 655 |
_vreading book _934232 |
||
| 942 |
_2ddc _k339.220973 REY |
||
| 999 |
_c19409 _d19381 |
||